00726nam a22002057a 4500003000400000005001700004008004100021040001800062050002200080100004200102245011100144250004200255264004200297300002700339336002200366337002400388338002400412650005300436650003100489OSt20260601193858.0260421b2019 mx |||| |||| 00| 0 spa d aICIbspacICI aF1234bS3503 2019 a Salmerón Sanginés, Pedro,eautor a Los Carrancistas : |b la historia nunca contada del victorioso Ejército del Noreste /cPedro Salmerón aPrimera edición impresa en México a Ciudad de México :bPaidos,c 2019 a351 páginas :bmapas 2rdacontentatexto 2rdamediaasin medio 2rdacarrieravolumen aMéxico |x Historia |y Revolución, 1910-1920 aMéxicoxHistoria militar